000 00544nam a2200205Ia 4500
003 OSt
005 20221002054802.0
006 a|||||r|||| 00| 0
007 ta
008 220930b |||||||| |||| 00| 0 eng d
024 _a70507
037 _cReference Collections
040 _aCRL
_cCRL
_beng
041 _2eng
_aeng
082 _aDelta73y7F18x, K8(RR)
245 0 _aFirst book of the Hadiqatu' L-Haqiqat
260 _c1968
942 _hDelta73y7F18x, K8(RR)
_cref
_2CC
999 _c925893
_d925893